000 01456cam a2200229 4500
001 ##L134459
008 060808n2006 000 0 eng u
035 _a(Sirsi) u134459
041 0 _aeng
050 0 4 _a333.00711 $2 18
110 2 _aRoyal Institution of Chartered Surveyors
_bEducation Trust
_947
245 0 4 _aThe future of surveying education
_ba report commissioned for the RICS Education Trust golden jubilee
260 _aLondon
_bRICS
_c2006
490 0 _aRICS Findings in Built and Rural Environments
520 _aSummarises the findings of a research study that looked at the impact on the surveying education base of changes in the age profile of academics and in the targeting of research funding. Assesses concerns with regard to university recruitment and retention of qualified academic staff, the undervaluing of teaching activities, and whether or not to focus on research activities in the light of the UK government's 2003 White Paper "The future of higher education". Provides recommendations for RICS accreditation policy and for partnership universities. Graphs. (See also L134446).
651 4 _aUnited Kingdom
_y
690 _aCAREERS, EDUCATION AND TRAINING-QUALIFICATION ROUTES-RICS ACCREDITED COURSES
710 2 _aLeeds Metropolitan University
_91677
710 2 _aUniversity of Salford
_93465
856 4 0 _uhttps://www.rics.org/site/scripts/download_info.aspx?fileID=3447
_zBroken link - not available
942 _n0
999 _c105684
_d105684